000 00450nam a2200181Ia 4500
001 11431
005 20260306162827.0
008 260306t1983||||xx |||||||||||||| ||spa||
041 _aESP
082 _a985.05
_bB26 T. 4
100 _aBasadre, Jorge [1903-1980]
_eAUT
245 0 _aHistoria de la república del Perú
260 _c1983
300 _a391 páginas : T. 4
_c25 cm.
650 _aGEN
654 _aCHU
942 _cLIB
_dJUS
_fJUS
_2ddc
_n
999 _c11431
_d11431